Online
Catalog

Hero y Leandro / (Record no. 5169)

MARC details
000 -CABECERA
campo de control de longitud fija 01119nam a2200301 a 4500
001 - NÚMERO DE CONTROL
campo de control 000005369
005 - FECHA Y HORA DE LA ÚLTIMA TRANSACCIÓN
campo de control 20200929151645.0
008 - DATOS DE LONGITUD FIJA--INFORMACIÓN GENERAL
campo de control de longitud fija 090819s2003 sp 001 0 spa d
020 ## - NÚMERO INTERNACIONAL ESTÁNDAR DEL LIBRO
Número Internacional Estándar del Libro 8400081234
040 ## - FUENTE DE LA CATALOGACIÓN
Centro catalogador/agencia de origen DO-SdBNP
Lengua de catalogación spa
Centro/agencia transcriptor BNPHU
082 ## - NÚMERO DE LA CLASIFICACIÓN DECIMAL DEWEY
Número de clasificación 889.2
Número de documento/Ítem M986h
049 ## - FONDOS LOCALES (OCLC)
Fondos de biblioteca BNPD
100 1# - ENTRADA PRINCIPAL--NOMBRE DE PERSONA
Nombre de persona Museo
9 (RLIN) 15223
240 10 - TÍTULO UNIFORME
Título uniforme Hero y Leandro
Lenguaje de la obra Español-Griego
245 10 - MENCIÓN DE TÍTULO
Título Hero y Leandro /
Mención de responsabilidad, etc. Museo ; introducción, texto, traducción y notas por Antonio Ruiz de Elvira.
260 ## - PUBLICACIÓN, DISTRIBUCIÓN, ETC.
Lugar de publicación, distribución, etc. Madrid, España :
Nombre del editor, distribuidor, etc. Consejo Superior de Investigaciones Científicas,
Fecha de publicación, distribución, etc. 2003.
300 ## - DESCRIPCIÓN FÍSICA
Extensión xliv, 38 p. ;
Dimensiones 22 cm.
490 1# - MENCIÓN DE SERIE
Mención de serie Alma mater ;
490 1# - MENCIÓN DE SERIE
Mención de serie Autores griegos y latinos ;
500 ## - NOTA GENERAL
Nota general Incluye índice
546 ## - NOTA DE LENGUA/LENGUAJE
Nota de lengua/lenguaje Texto en latín y traducción paralela en español, introducción en español
600 04 - PUNTO DE ACCESO ADICIONAL DE MATERIA--NOMBRE DE PERSONA
Nombre de persona MUSEO, HERO Y LEANDRO
Subdivisión general CRÍTICA E INTERPRETACIÓN
9 (RLIN) 15224
650 #4 - PUNTO DE ACCESO ADICIONAL DE MATERIA--TÉRMINO DE MATERIA
Término de materia o nombre geográfico como elemento de entrada Hero (personaje ficticio)
Subdivisión general Poesía
9 (RLIN) 15225
650 #4 - PUNTO DE ACCESO ADICIONAL DE MATERIA--TÉRMINO DE MATERIA
Término de materia o nombre geográfico como elemento de entrada Leandro (personaje ficticio)
Subdivisión general Poesía
9 (RLIN) 15226
700 1# - PUNTO DE ACCESO ADICIONAL--NOMBRE DE PERSONA
Nombre de persona Ruiz de Elvira, Antonio,
Término indicativo de función/relación tr.
9 (RLIN) 15227
830 #0 - PUNTO DE ACCESO ADICIONAL DE SERIE-TÍTULO UNIFORME
Título uniforme Alma mater ;
9 (RLIN) 807
830 #0 - PUNTO DE ACCESO ADICIONAL DE SERIE-TÍTULO UNIFORME
Título uniforme Autores griegos y latinos ;
9 (RLIN) 15129
Holdings
Estado de retiro Estado de pérdida Restricciones de uso No para préstamo Código de colección Localización permanente Ubicación/localización actual Ubicación en estantería Fecha de adquisición Número de inventario Total de préstamos Signatura topográfica completa Código de barras Fecha visto por última vez Precio válido a partir de Tipo de ítem Koha
        Monografías: Libros y Folletos General General Depósito 19.08.2009 LF1   889.2 M986h 5369-10 25.06.2020 25.06.2020 Préstamo en sala

Powered by Koha